Implementación participativa de herramientas de manejo de paisaje en la Reserva Forestal El Robledal e implementación de un vivero comunitario en el área de influencia del Páramo de Rabanal (Registro nro. 6426)

Detalles MARC
000 -CABECERA
Campo de control 00748nam a2200193 a 4500
005 - FECHA Y HORA DE LA ULTIMA TRANSACCION
Campo de control 20160407020002.0
008 - ELEMENTOS DE LONGITUD FIJA—INFORMACION GENERAL
Campo de control 140130b2008 ck ||||| |||| 00| 0 spa d
040 ## - FUENTE DE CATALOGACIÓN
Agencia transcriptora CO-BoIH
041 ## - IDIOMA
Código de idioma para texto/pista de sonido o título separado Español
044 ## - PAÍS DE PUBLICACIÓN
País de publicación Colombia
090 ## - CLASIFICACIÓN LOCAL
Colección IAVH
Consecutivo 01205
100 ## - ASIENTO PRINCIPAL--NOMBRE PERSONAL
Nombre personal Aguilar Garavito, Mauricio
245 ## - MENCION DE TITULO
Título Implementación participativa de herramientas de manejo de paisaje en la Reserva Forestal El Robledal e implementación de un vivero comunitario en el área de influencia del Páramo de Rabanal
Parte restante del título Informe final
260 ## - PUBLICACION, DISTRIBUCION, ETC. (PIE DE IMPRENTA)
Lugar de publicación, distribución, etc. Bogotá
Nombre del editor, distribuidor, etc. IAVH
-- Corpoboyacá
-- Corpochivor
-- CAR
Fecha de publicación, distribución, etc. 2008
300 ## - DESCRIPCION FISICA
Extensión 123 p.
662 ## - ASIENTO SECUNDARIO DE MATERIA - JERARQUIA DEL NOMBRE DE LUGAR(
País o entidad mayor Colombia
Jurisdicción política intermedia Páramo de Rabanal
662 ## - ASIENTO SECUNDARIO DE MATERIA - JERARQUIA DEL NOMBRE DE LUGAR(
Jurisdicción política intermedia Reserva Forestal Protectora El Robledal
Ciudad Guachetá
Jurisdicción política de primer orden Cundinamarca
942 ## - ELEMENTOS ADICIONALES (KOHA)
Tipo de ítem Informe Técnico
Sistema de clasificación Local
Koha issues (borrowed), all copies 4
Existencias
Withdrawn status Lost status Sistema de Clasificación Damaged status No para préstamo Colección Inventariado Ubicación Permanente Ubicación actual Fecha de adquisición Total Checkouts Número topográfico Inventario / Código de Barras Date last seen Date checked out Ejemplar Price effective from Forma de adquisición Tipo de material
    Local     Humboldt Inventariado 2017 Bogotá Bogotá 21/07/2008 4 IAVH-01205 024207 09/08/2024 06/04/2016 Ej. 1 04/12/2012   Informe Técnico